000 00343nam a2200145Ia 4500
003 OSt
005 20240117121343.0
008 170524s9999 xx 000 0 und d
020 _a0070617295
040 _ciimt university meerut
100 _aCHANDRA- PRASANNA
245 0 _aProjects
260 _bTATA MCGRAW HILL NEW DELHI
942 _2ddc
_c02
999 _c8510
_d8510